miasta województwa dolnośląskiego - Statystyki

Ogólne statystyki
  • Ten quiz został rozwiązany 424 razy
    340 od ostatniego zresetowania
  • Średni wynik to 50 z 93
Statystyki odpowiedzi
Pierwsza litera Miasto % Poprawnych
W Wrocław
96%
L Legnica
87%
L Lubin
87%
B Bolesławiec
86%
J Jelenia Góra
86%
J Jawor
85%
Z Zgorzelec
83%
K Kłodzko
82%
W Wałbrzych
82%
G Głogów
80%
O Oława
80%
Ś Świdnica
79%
O Oleśnica
78%
P Polkowice
75%
K Kamienna Góra
74%
K Karpacz
74%
D Dzierżoniów
73%
K Kudowa-Zdrój
73%
M Milicz
72%
L Lwówek Śląski
70%
P Polanica-Zdrój
70%
S Szklarska Poręba
70%
L Lubań
69%
Z Ząbkowice Śląskie
69%
B Bolków
68%
Z Złotoryja
68%
B Bardo
66%
K Kąty Wrocławskie
66%
B Bogatynia
65%
L Lądek-Zdrój
65%
B Brzeg Dolny
63%
B Bystrzyca Kłodzka
63%
D Duszniki-Zdrój
63%
G Góra
63%
T Trzebnica
63%
W Wołów
62%
B Bielawa
61%
J Jelcz-Laskowice
61%
Ś Środa Śląska
61%
C Chojnów
59%
M Międzylesie
59%
O Oborniki Śląskie
59%
Ż Żmigród
59%
J Jaworzyna Śląska
58%
N Nowa Ruda
58%
Z Złoty Stok
58%
Ś Świeradów-Zdrój
57%
S Strzelin
56%
B Boguszów-Gorce
55%
K Kowary
55%
S Strzegom
55%
S Stronie Śląskie
54%
Ś Świebodzice
50%
J Jedlina-Zdrój
49%
L Lubawka
48%
M Międzybórz
48%
S Syców
46%
T Twardogóra
46%
R Radków
45%
L Lubomierz
44%
P Piechowice
44%
S Szczawno-Zdrój
44%
L Leśna
42%
B Bierutów
41%
P Przemków
40%
Ż Żarów
40%
G Gryfów Śląski
39%
Ś Ścinawa
39%
O Olszyna
38%
P Prochowice
38%
W Wąsosz
38%
Ś Świerzawa
35%
G Głuszyca
34%
N Niemcza
34%
S Szczytna
34%
S Sobótka
33%
W Węgliniec
33%
Z Ziębice
33%
C Chocianów
32%
K Kamieniec Ząbkowicki
31%
P Pieńsk
31%
P Pieszyce
31%
M Mieroszów
28%
M Mirsk
28%
S Siechnice
28%
P Piława Górna
25%
W Wleń
25%
N Nowogrodziec
23%
M Miękinia
20%
P Prusice
17%
W Wiązów
17%
W Wojcieszów
17%
Z Zawidów
15%
Nie znaleziono quizów pasujących do podanych kryteriów
Rozkład punktacji
Procent ludzi z każdym wynikiem
Percentyl według liczby udzielonych odpowiedzi
Twoja historia wyników
Nie rozwiązałeś tego quizu od ostatniego zresetowania